| 000 | 00658nam a2200217 a 4500 | ||
|---|---|---|---|
| 001 | 000017596 | ||
| 005 | 20240412074248.0 | ||
| 008 | 100329s1976 dr 000 0 spa d | ||
| 040 |
_aDO-SdBNP _bspa _cBNPHU |
||
| 082 |
_aRD868.44 _bM971m |
||
| 100 | 1 |
_aMuñoz Marte, Emilio Antonio _929462 |
|
| 245 | 1 | 0 |
_aMetáforas / _cEmilio Antonio Muñoz Marte. |
| 260 |
_aSanto Domingo : _bTaller, _c1976. |
||
| 300 |
_a103 p. ; _c21 cm. |
||
| 650 | 0 |
_aPoesía dominicana _966 |
|
| 650 | 0 |
_aCuentos dominicanos _9176 |
|
| 650 | 4 |
_aDiálogos dominicanos _938374 |
|
| 650 | 0 |
_aLiteratura dominicana. _967 |
|
| 910 | _aValidado. Control de calidad MFF | ||
| 049 | _aBNPD | ||
| 999 |
_c17121 _d17121 |
||